Meilleurs personnages d'anime - Statistiques

Statistiques générales
  • Ce quiz a été pris 777 fois
  • Le résultat moyen est 37 sur 100
Statistiques - réponses
Rang Nombre de favori Anime Nom personnage % Correct
#4 126.630 Death Note L Lawliet
99%
#3 138.774 One Piece Monkey D. Luffy
97%
#13 70.144 Attack on Titan Eren Jager
96%
#10 84.237 Naruto Naruto Uzumaki
96%
#5 110.148 One Piece Roronoa Zoro
92%
#47 28.990 Naruto Sasuke Uchiwa
92%
#85 21.655 Hunter X Hunter Gon Freecs
90%
#7 96.326 Hunter X Hunter Kirua Zoldick
89%
#2 141.282 Attack on Titan Levi
88%
#18 54.810 Attack on Titan Mikasa Ackeman
84%
#6 96.430 Death Note Light Yagami
83%
#54 27.986 Dragon Ball Z Goku
80%
#21 47.671 One Punch Man Saitama
79%
#16 59.598 Jujutsu Kaisen Gojo Satoru
78%
#22 47.657 Naruto Kakashi Hatake
72%
#64 25.530 My Hero Academia Izuku Midoriya
71%
#44 31.350 One Piece Sanji
70%
#90 20.562 Attack on Titan Armin Arlert
68%
#1 169.364 Code Geass Lelouch Lamperouge
68%
#19 51.451 Tokyo Ghoul Ken Kaneki
66%
#66 25.525 Demon Slayer Tanjiro Kamado
66%
#78 22.670 My Hero Academia Bakugo Katsuki
65%
#15 65.347 Naruto Itachi Uchiwa
65%
#9 87.643 Fullmetal Alchemist Edward Elric
63%
#79 22.544 Fairy Tail Natsu Dragnir
62%
#51 28.551 Darling in the FranXX Ichigo
61%
#38 33.939 Bleach Ichigo Kurosaki
61%
#93 20.057 Dragon Ball Z Vegeta
59%
#11 81.578 Berserk Guts
58%
#70 23.768 Hunter X Hunter Kurapika
56%
#28 40.309 Sword Art Online Kazuto Kirigaya / Kirito
54%
#63 25.565 My Hero Academia Shoto Todoroki
54%
#37 35.299 Hunter X Hunter Hisoka
51%
#58 26.717 Attack on Titan Erwin Smith
47%
#34 36.413 Violet Evergarden Violet Evergarden
47%
#60 25.948 Kaguya Sama : Love is War Kaguya Shinomiya
44%
#95 19.744 Assassination Classroom Koro-Sensei
44%
#87 21.384 One Piece Nico Robin
44%
#42 31.907 GTO Onizuka Eikichi
43%
#45 29.409 Sword Art Online Asuna Yuuki
41%
#61 25.884 Jojo's Bizarre Adventure Jotarou Kuujou
40%
#81 22.227 Dr. Stone Senku Ishigami
40%
#65 25.263 Mob Psycho 100 Shigeo Kageyama / Mob
40%
#49 28.756 Chainsaw Man Makima
39%
#56 27.674 Vinland Saga Thorfinn
39%
#94 19.789 Neon Genesis Evangelion Rei Ayanami
35%
#24 45.004 Re:Zero Rem
34%
#86 21.464 Chainsaw Man Power
29%
#96 19.623 Re:Zero Subaru Natsuki
29%
#25 41.108 Jojo's Bizarre Adventure Joseph Joestar
27%
#33 37.033 Darling in the FranXX Zero Two
27%
#71 23.581 Frieren : Beyong Journey's End Frieren
26%
#12 73.800 Gintama Sakata Gintoki
25%
#17 55.496 Re:Zero Emilia
24%
#97 19.494 Attack on Titan Hansi Zoe
23%
#89 20.718 One Piece Trafalgar Law
22%
#31 37.201 Fullmetal Alchemist Roy Mustang
21%
#57 26.898 Vinland Saga Askeladd
20%
#77 22.764 My Dress Up Darling Marin Kitagawa
20%
#30 37.886 Rascal Does not Dream of Bunny Girl Senpai Mai Sakurajima
17%
#88 21.364 The Quintessential Quintuplets Miku Nakano
17%
#41 32.034 Fate Saber
17%
#29 39.436 Noragami Yato
17%
#62 25.769 Monster Johan Liebert
16%
#36 35.420 Bungou Stray Dogs Osamu Dazai
16%
#80 22.424 Black Butler Sebastian Michaelis
16%
#99 19.451 Neon Genesis Evangelion Shinji Ikari
16%
#26 40.948 Konosuba Megumin
15%
#74 23.016 That Time I Got Reincarnated as a Slime Rimuru Tempest
15%
#46 29.083 Mirai Nikki Yuno Gasai
14%
#55 27.926 Neon Genesis Evangelion Asuka
13%
#59 26.497 Code Geass C.C
13%
#69 24.539 Fate Rin Toosaka
13%
#23 46.770 Cowboy Bebop Spike Spiegel
13%
#35 35.820 Classroom of the Elite Kiyotaka Ayanokouji
12%
#92 20.073 Kaguya Sama : Love is War Chika Fujiwara
11%
#8 94.821 Steins; Gate Okabe Rintaro
11%
#14 65.413 Steins; Gate Makise Kurisu
10%
#67 24.894 Your Lie in April Kaori Miyazono
9%
#50 28.553 Hellsing Alucard
8%
#53 28.029 The Quintessential Quintuplets Itsuki Nakano
8%
#32 37.140 Mob Psycho 100 Reigen Arataka
8%
#98 19.474 High School DxD Rias Gremory
8%
#76 22.775 Saiki Kusuo no Psi-nan Saiki Kusuo
8%
#43 31.859 Toradora! Taiga Aisaka
8%
#91 20.170 Konosuba Kazuma Satou
7%
#82 21.973 Black Lagoon Revy
7%
#20 51.422 My Teen Romantic Comedy SNAFU Hikigaya Hachiman
6%
#39 33.092 Gurren Lagann Kamina
6%
#83 21.804 Kaguya Sama : Love is War Yuu Ishigami
6%
#52 28.462 Spice and Wolf Holo
5%
#100 19.172 Maid Sama! Takumi Usui
5%
#27 40.387 Bakemonogatari Hitagi Senjougahara
4%
#48 28.895 Monogatari Koyomi Araragi
4%
#40 32.606 Kizumonogatari Shinobu Oshino
4%
#75 22.936 My Teen Romantic Comedy SNAFU Yukino Yukinoshita
4%
#73 23.263 Hyouka Houtarou Oreki
3%
#84 21.730 Date A Live Kurumi Tokisaki
3%
#68 24.807 Puella Magi Madoka Magica Homura Akemi
2%
#72 23.431 Durarara!! Izaya Orihara
2%
Aucun quiz correspondant
Distribution des résultats
% des personnes avec chaque résultat
Percentile par nombre de réponses
Votre historique - résultats
Vous n’avez pas pris ce quiz